| 000 | 01265nam a22003737a 4500 | ||
|---|---|---|---|
| 003 | CHAP | ||
| 005 | 20240516132108.0 | ||
| 008 | 100903s2009 mx a r 00010 eng d | ||
| 010 | _a99184 | ||
| 011 | _a100156 | ||
| 020 | _a9789706481719 | ||
| 035 | _a110842 | ||
| 040 | _cCHAP | ||
| 082 | 1 | 4 |
_a658.83028 _bC23 |
| 100 | 0 | 0 |
_aCarrión Perea, Federico. _919557 |
| 245 | 1 | 0 |
_aManual for conducting socioeconomic surveys through portable device assistants (PDAs) and personal computers _c/por Federico Carrión Perea y Roberto La Rovere |
| 260 |
_aMéxico, D. F. : _bCIMMYT, _c2009 |
||
| 300 |
_a121 p. : _bilus. + CD (4 3/4 plg.) |
||
| 590 |
_aBATCH-UPD _b10 _c20130110 |
||
| 590 |
_aBATCH-UPD _b10 _c20130410 |
||
| 590 |
_aBATCH-UPD _b10 _c20130914 |
||
| 590 |
_aCONVERSION _b10 _c20130109 |
||
| 650 | 1 | 4 |
_aBienestar social. _912635 |
| 650 | 1 | 4 |
_aCondiciones económicas. _926324 |
| 650 | 1 | 4 |
_aCondiciones sociales. _926332 |
| 650 | 1 | 4 |
_aEncuestas. _936846 |
| 650 | 1 | 4 |
_aLenguajes de programación. _965989 |
| 650 | 1 | 4 |
_aManuales de procedimientos. _970675 |
| 650 | 1 | 4 |
_aTecnología. _9111937 |
| 700 | 1 |
_aRovere La Roberto _9100340 |
|
| 901 | _aBK | ||
| 942 |
_cLIBRO _2ddc |
||
| 949 |
_a658.83028 C23 _bBC _cLIBRO _d33724002137538 _eLIBRO _h113398 _i110842 _sb |
||
| 999 |
_c99184 _d99184 |
||